|
|
|
|
| LEADER |
01624nam a2200445 a 4500 |
| 001 |
000994694 |
| 003 |
CZ BrMZK |
| 005 |
20250124115245.0 |
| 007 |
ta |
| 008 |
010825s2001 xxka g p d eng |
| 020 |
|
|
|a 058241671X
|q (brož.)
|
| 040 |
|
|
|a BOA001
|b cze
|
| 072 |
|
7 |
|a 811.111
|x Angličtina
|2 Konspekt
|9 11
|
| 072 |
|
7 |
|a 821.111(73)-2
|x Americké drama
|2 Konspekt
|9 25
|
| 080 |
|
|
|a 821.111(73)-2
|2 MRF
|
| 080 |
|
|
|a 811.111
|2 MRF
|
| 080 |
|
|
|a 028.4-028.31/.32
|2 MRF
|
| 080 |
|
|
|a (0:82-2)
|2 MRF
|
| 080 |
|
|
|a (07.062)81
|2 MRF
|
| 100 |
1 |
|
|a Lerner, Alan Jay,
|d 1918-1986
|7 jn20001227153
|4 aut
|
| 245 |
1 |
0 |
|a My fair lady /
|c Alan Jay Lerner ; retold by Derek Strange
|
| 250 |
|
|
|a 3rd impression
|
| 260 |
|
|
|a Harlow :
|b Pearson Education,
|c 2001
|
| 300 |
|
|
|a iv, 43 s. :
|b il.
|
| 490 |
1 |
|
|a Penguin readers : level 3
|
| 650 |
0 |
7 |
|a angličtina
|7 ph114056
|2 czenas
|
| 650 |
0 |
7 |
|a zjednodušená četba
|7 ph656682
|2 czenas
|
| 650 |
0 |
9 |
|a English language
|2 eczenas
|
| 650 |
0 |
9 |
|a simplified reading
|2 eczenas
|
| 653 |
0 |
|
|a jazyková úroveň A2
|
| 655 |
|
7 |
|a americká dramata
|7 fd131790
|2 czenas
|
| 655 |
|
7 |
|a jazykové učebnice, texty, příručky (A)
|7 fd600889
|2 czenas
|
| 655 |
|
9 |
|a American drama
|2 eczenas
|
| 655 |
|
9 |
|a language textbooks, texts, handbooks (A)
|2 eczenas
|
| 700 |
1 |
|
|a Strange, Derek
|7 jx20050914046
|4 aut
|
| 830 |
|
0 |
|a Penguin readers (Pearson Education)
|
| 910 |
|
|
|a BOA001
|b AK-0005.977
|
| 990 |
|
|
|a BK
|
| 991 |
|
|
|b 200910
|y British Council Brno - Czech Republic
|z 000043262
|x 99
|
| 996 |
7 |
|
|b 261E000955
|c AK-0005.977
|l Anglická knihovna/2.patro
|r ZHR
|n 120
|h SR-F
|w 000994694
|u 000010
|a 0
|e BOA001
|j MZK50
|s A
|